Theoretical Foundations of Corporate Finance (Record no. 3258)
[ view plain ]
| 005 - DATE AND TIME OF LATEST TRANSACTION | |
|---|---|
| control field | 20250605172924.0 |
| 020 ## - INTERNATIONAL STANDARD BOOK NUMBER | |
| International Standard Book Number | 0-691-08794-6 |
| 082 ## - DEWEY DECIMAL CLASSIFICATION NUMBER | |
| Classification number | TEA LECT 658.15 de MAT |
| 100 ## - MAIN ENTRY--PERSONAL NAME | |
| Author name | DE MATOS, J. A. |
| 245 ## - TITLE STATEMENT | |
| Title | Theoretical Foundations of Corporate Finance |
| 260 ## - PUBLICATION, DISTRIBUTION, ETC. | |
| Place of publication, distribution, etc. | New Jersey, |
| Name of publisher, distributor, etc. | Princeton University press, |
| Date of publication, distribution, etc. | 2001. |
| 300 ## - PHYSICAL DESCRIPTION | |
| Extent | xvii, 301p.: Ill.;figures. |
| Other physical details | Bibliographical references & Index |
| Dimensions | 24cm. |
| 942 ## - ADDED ENTRY ELEMENTS (KOHA) | |
| Source of classification or shelving scheme | Dewey Decimal Classification |
| Koha item type | Books |
| Date last seen | Total checkouts | Full call number | Barcode | Cost, replacement price | Price effective from | Koha item type | Lost status | Source of classification or shelving scheme | Damaged status | Not for loan | Withdrawn status | Home library | Current library | Shelving location | Date acquired | Cost, normal purchase price |
|---|---|---|---|---|---|---|---|---|---|---|---|---|---|---|---|---|
| 06/05/2025 | TEA LECT 658.15 de MAT | 00000011218 | 589557.00 | 06/05/2025 | Books | Dewey Decimal Classification | College of Business Education Main Library | College of Business Education Main Library | General Collection | 04/22/2005 | 196519.00 | |||||
| 06/06/2025 | TEA LECT 658.15 de MAT | 00000011225 | 589557.00 | 06/06/2025 | Books | Dewey Decimal Classification | College of Business Education Main Library | College of Business Education Main Library | General Collection | 04/22/2005 | 196519.00 | |||||
| 06/09/2025 | TEA LECT 658.15 de MAT | 00000011735 | 589557.00 | 06/09/2025 | Books | Dewey Decimal Classification | College of Business Education Main Library | College of Business Education Main Library | General Collection | 04/22/2005 | 196519.50 |
